书目信息 |
| 题名: |
自我的根源
|
|
| 作者: | 泰勒 著 ;韩震 译 | |
| 分册: | ||
| 出版信息: | 南京 译林出版社 2012.06 |
|
| 页数: | 773页 | |
| 开本: | 20cm | |
| 丛书名: | 人文与社会译丛 | |
| 单 册: | ||
| 中图分类: | B017.9 | |
| 科图分类: | ||
| 主题词: | 哲学基本问题 | |
| 电子资源: | ||
| ISBN: | 978-7-5447-2705-1 | |
| 000 | 00980nam0 2200265 450 | |
| 001 | 2437810317 | |
| 005 | 20240422103540.31 | |
| 010 | @a978-7-5447-2705-1@dCNY128.00 | |
| 100 | @a20240422d2012 km y0chiy0120 ea | |
| 101 | 0 | @achi |
| 102 | @aCN@b320000 | |
| 200 | 1 | @a自我的根源@AZi Wo De Gen Yuan@e现代认同的形成@f(加拿大)泰勒(Taylor,C.)著;韩震等译@F(Jia Na Da)Tai Le(Taylor,C.)Zhu;Han Zhen Deng Yi |
| 210 | @a南京@c译林出版社@d2012.06 | |
| 215 | @a773页@d20cm | |
| 225 | 2 | @a人文与社会译丛 |
| 300 | @a本书讨论了整个西方思想关于自我、日常生活的肯定与表达的作用等方面的观念史, 勾画出现代性自我形成的过程。 | |
| 410 | 0 | @12001 @a人文与社会译丛 |
| 510 | 1 | @a=Sources of the self : the making of the modern identity |
| 517 | 1 | @a现代认同的形成@AXian Dai Ren Tong De Xing Cheng |
| 606 | 0 | @a哲学基本问题 |
| 690 | @aB017.9@v4 | |
| 701 | 0 | @a泰勒@ATai Le@bTaylor,C.@4著 |
| 702 | 0 | @a韩震@AHan Zhen@4译 |
| 801 | 0 | @aCN@b河南城建学院图书馆@c20240422 |
| 905 | @dB017.9@eT082 | |
| 自我的根源:现代认同的形成/(加拿大)泰勒(Taylor,C.)著;韩震等译.-南京:译林出版社,2012.06 |
| 773页;20cm.-(人文与社会译丛) |
| 本书讨论了整个西方思想关于自我、日常生活的肯定与表达的作用等方面的观念史, 勾画出现代性自我形成的过程。 |
| ISBN 978-7-5447-2705-1:CNY128.00 |
| ● |
| 相关链接 |
|
|
|
正题名:自我的根源
索取号:B017.9/T082
 
预约/预借
| 序号 | 登录号 | 条形码 | 馆藏地/架位号 | 状态 | 备注 |
| 1 | 1552635 | 215526358 | 马克思主义学院/ [索取号:B017.9/T082] | 在馆 |